000 01045nam0a22002651 4500
001 rc\3542714
005 20130115144523.0
021 _aRU
_bП2538-74
035 _a(NLR Aleph) 007634523
090 _a6059099
_c6059099
100 _a20130115d1974 |||y0rusy50 ca
101 0 _arus
102 _aRU
105 _aa z |||||
200 1 _aВопросы методики и интерпретации магниторазведки
_e[Сборник статей]
_f[Науч. ред. Г.П. Тафеев]
_gМ-во геологии СССР. Науч.-произв. объединение "Геофизика"
210 _aЛенинград
_cИзд-во Ленингр. ун-та
_d1974
215 _a131 с.
_cил.
_d21
225 1 _aМетоды разведочной геофизики
_iТруды ВИРГ
_vВып. 22
320 _aБиблиогр. в конце статей
702 1 _aТафеев
_bГ. П.
_4340
801 0 _aRU
_bNLR
_gpsbo
801 1 _aRU
_bELAR
_2rusmarc
852 _aNLR
_jП8/563
942 _cBOOK
980 _aNB